000 00635nam a2200205Ia 4500
001 22816
003 GE_BSU
008 181216s||||||||xx |||||||||||||| ||und||
040 _cGE_BSU
245 _aУспехи геронтологии. №1, том 31. 2018
245 _bAdvances in gerontology
245 _cгл. ред. В.Н. Анисимов и др.
260 _aСанкт-Петербург
260 _c2018
300 _a151стр. 24см. илл.
653 _aПериодика
653 _aУспехи геронтологии. №1, том 31. 2018
653 _aპერიოდიკა
942 _cCR
999 _c55721
_d55721